000 00294nam a22001337a 4500
008 171215b xxu||||| |||| 00| 0 eng d
020 _a078073315109
041 _aeng
080 _a37
100 _a46
101 _aEDU
245 _aPHONICS FROM A TO Z
_cBLEVINS,W
942 _2udc
_cBK
999 _c39014
_d39014